DISEÑO DE ESTRUCTURAS RESISTENTES A SISMOS : (Registro nro. 7576)
[ vista simple ]
| 000 -LEADER | |
|---|---|
| fixed length control field | 00561nam a2200193 a 4500 |
| 001 - CONTROL NUMBER | |
| control field | 7576 |
| 005 - DATE AND TIME OF LATEST TRANSACTION | |
| control field | 20180713191455.0 |
| 008 - FIXED-LENGTH DATA ELEMENTS--GENERAL INFORMATION | |
| fixed length control field | 140415s1992 mx 000 0 spa d |
| 020 ## - INTERNATIONAL STANDARD BOOK NUMBER | |
| International Standard Book Number | 9681816277 |
| 041 ## - LANGUAGE CODE | |
| Language code of text/sound track or separate title | spa |
| 082 ## - DEWEY DECIMAL CLASSIFICATION NUMBER | |
| Classification number | 624.1771 |
| Item number | DOW |
| 100 1# - MAIN ENTRY--PERSONAL NAME | |
| Personal name | DOWRICK, D. J. |
| 245 10 - TITLE STATEMENT | |
| Title | DISEÑO DE ESTRUCTURAS RESISTENTES A SISMOS : |
| Remainder of title | PARA INGENIEROS Y ARQUITECTOS |
| 250 ## - EDITION STATEMENT | |
| Edition statement | 1a ed. |
| 260 ## - PUBLICATION, DISTRIBUTION, ETC. | |
| Place of publication, distribution, etc. | MEXICO : |
| Name of publisher, distributor, etc. | LIMUSA, |
| Date of publication, distribution, etc. | 1992 |
| 300 ## - PHYSICAL DESCRIPTION | |
| Extent | 410 |
| 650 14 - SUBJECT ADDED ENTRY--TOPICAL TERM | |
| Topical term or geographic name entry element | DISEO DE ESTRUCTURAS |
| General subdivision | RESISTENCIA DE MATERIALES |
| 700 1# - ADDED ENTRY--PERSONAL NAME | |
| Personal name | CLOUGH, RAY W. |
| Relator term | pról. |
| Withdrawn status | Lost status | Source of classification or shelving scheme | Damaged status | Not for loan | Collection code | Home library | Current library | Shelving location | Date acquired | Source of acquisition | Inventory number | Total Checkouts | Full call number | Barcode | Date last seen | Price effective from | Koha item type | Date last checked out |
|---|---|---|---|---|---|---|---|---|---|---|---|---|---|---|---|---|---|---|
| Dewey Decimal Classification | General | Biblioteca Karol Wojtyla | Biblioteca Karol Wojtyla | Sala general | 03/12/2013 | Compra | 151000000000000000003887 | 624.1771 DOW | 52744 | 05/01/2026 | 03/12/2013 | Libro | ||||||
| Dewey Decimal Classification | General | Biblioteca Karol Wojtyla | Biblioteca Karol Wojtyla | Sala general | 03/12/2013 | Compra | 151000000000000000003885 | 1 | 624.1771 DOW | 20639 | 05/01/2026 | 03/12/2013 | Libro | 26/01/2022 | ||||
| Dewey Decimal Classification | General | Biblioteca Karol Wojtyla | Biblioteca Karol Wojtyla | Sala general | 03/12/2013 | Compra | 151000000000000000003886 | 624.1771 DOW | 27207 | 05/01/2026 | 03/12/2013 | Libro |